000 00721nam a22002177a 4500
005 20150825112724.0
010 _aENG-113551
020 _c499.00
_a9789350099964
035 _aEN- 97083
037 _bDBAD/PUB
082 _a320.95456
100 _aNaqvi, Saba
245 _aCapital conquest :
_cby Saba Naqvi
_bhow the AAP's incredible victory has redefined Indian elections /
260 _aGurgaon
_bHachette Book Publishing
_c2015
270 _a4th & 5th Floors, Corporate Center, Plot No. 94, Sector 44
_bGurgaon
_e122003
300 _axi,202p.
_c21cm(Hb)
500 _aIncludes index
600 _a Kejarīvāla, Aravinda.
610 _a Aam Aadmi Party.
942 _2ddc
_cEN
_mNAQ
_h320.95456
999 _c95084
_d95084